Italian Serie A teams 2017/18 - Statistics

General Stats
  • This quiz has been taken 176 times
  • The average score is 15 of 20
Answer Stats
Answer % Correct
Juventus
100%
Inter
98%
Milan
96%
Roma
96%
Lazio
92%
Napoli
92%
Atalanta
80%
Fiorentina
80%
Torino
80%
Sampdoria
79%
Bologna
76%
Genoa
74%
Udinese
72%
Sassuolo
67%
Cagliari
66%
Chievo
64%
Hellas Verona
53%
Benevento
52%
Crotone
46%
SPAL
46%
No matching quizzes found
Score Distribution
Percent of People with Each Score
Percentile by Number Answered
Your Score History
You have not taken this quiz